<?xml version="1.0" encoding="UTF-8"?>
<record
    xmlns:xsi="http://www.w3.org/2001/XMLSchema-instance"
    xsi:schemaLocation="http://www.loc.gov/MARC21/slim http://www.loc.gov/standards/marcxml/schema/MARC21slim.xsd"
    xmlns="http://www.loc.gov/MARC21/slim">

  <leader>00790cam5a220020500 4500</leader>
  <controlfield tag="005">20190819095712.0</controlfield>
  <controlfield tag="008">000512                                  </controlfield>
  <datafield tag="020" ind1=" " ind2=" ">
    <subfield code="a">1555811183</subfield>
  </datafield>
  <datafield tag="035" ind1=" " ind2=" ">
    <subfield code="a">(Sirsi) a142586</subfield>
  </datafield>
  <datafield tag="050" ind1=" " ind2="0">
    <subfield code="a">RB46.5 Man 1997</subfield>
  </datafield>
  <datafield tag="245" ind1="1" ind2="0">
    <subfield code="a">Manual of clinical laboratory immunology /</subfield>
    <subfield code="c">Rose Noel R. ...[et al]</subfield>
  </datafield>
  <datafield tag="250" ind1=" " ind2=" ">
    <subfield code="a">5th ed.</subfield>
  </datafield>
  <datafield tag="260" ind1=" " ind2=" ">
    <subfield code="a">Washington D.C. :</subfield>
    <subfield code="b">American Society for Microbiology,</subfield>
    <subfield code="c">1997.</subfield>
  </datafield>
  <datafield tag="350" ind1=" " ind2=" ">
    <subfield code="a">25</subfield>
  </datafield>
  <datafield tag="504" ind1=" " ind2=" ">
    <subfield code="a">Includes bibliography and index</subfield>
  </datafield>
  <datafield tag="650" ind1=" " ind2="0">
    <subfield code="a">Clinical immunology</subfield>
    <subfield code="6">S85300.1</subfield>
  </datafield>
  <datafield tag="650" ind1=" " ind2="0">
    <subfield code="a">Immunodiagnosis -- Handbooks, mannuals, etc.</subfield>
    <subfield code="x">Immunodiagnosis -- Handbooks, mannuals, etc.</subfield>
    <subfield code="6">S85907.1</subfield>
  </datafield>
  <datafield tag="650" ind1=" " ind2="0">
    <subfield code="a">Immunology -- Handbooks, mannuals, etc.</subfield>
    <subfield code="x">Immunology -- Handbooks, mannuals, etc.</subfield>
    <subfield code="6">S85908.1</subfield>
  </datafield>
  <datafield tag="700" ind1="1" ind2="0">
    <subfield code="a">Rose, Noel R.</subfield>
    <subfield code="6">A26407.1</subfield>
  </datafield>
  <datafield tag="999" ind1=" " ind2=" ">
    <subfield code="c">99684</subfield>
    <subfield code="d">99684</subfield>
  </datafield>
</record>
